La conducción de la vida: carta abierta a un joven

Na minha lista:
Detalhes bibliográficos
Autor principal: Maurois, André (autor)
Formato: Livro
Idioma:espanhol
Publicado em: Buenos Aires Goncourt 1967
Assuntos:
Tags: Adicionar Tag
Sem tags, seja o primeiro a adicionar uma tag!

MARC

LEADER 00000nam a2200000 a 4500
001 UCL6227
003 CL-VaPUC
005 20250227130628.0
008 040402e19670000AG |||||||||||||||||spa|d
999 |c 308405  |d 308403 
040 |c Pontificia Universidad Católica de Valparaíso 
082 0 4 |a 248.83  |b MAU  |2 21 
100 |a Maurois, André  |e autor  |9 342508 
245 1 3 |a La conducción de la vida: carta abierta a un joven 
260 |a Buenos Aires  |b Goncourt  |c 1967 
300 |a 170 p 
583 |a last modification  |c 20040402 00:00:00  |k Rodrigo Vera 
650 0 |a Vida cristiana  |9 258753 
942 |c BK  |2 ddc 
945 |d 20040402 00:00:00  |a vberengu 
952 |0 0  |1 0  |4 0  |6 248_830000000000000_MAU_1967  |7 0  |8 A  |9 374920  |a BIBTEO  |b BIBTEO  |d 2019-11-21  |i 2107821  |o 248.83 MAU 1967  |p 2107821  |r 2025-01-17  |w 2019-11-21  |y BK  |k ICR